书目信息 |
| 题名: |
明朝那些事儿
|
|
| 作者: | 当年明月 著 | |
| 分册: | 大结局 | |
| 出版信息: | 北京 中国海关出版社 2009.04 |
|
| 页数: | 315页 | |
| 开本: | 24cm | |
| 丛书名: | ||
| 单 册: | ||
| 中图分类: | K248.09 | |
| 科图分类: | ||
| 主题词: | 明代--ming dai--历史--通俗读物 | |
| 电子资源: | ||
| ISBN: | 978-7-80165-599-8 | |
| 000 | 00788nam0 2200217 450 | |
| 001 | 012009586890 | |
| 005 | 20110509165709.76 | |
| 010 | @a978-7-80165-599-8@dCNY29.80 | |
| 100 | @a20091110d2009 em y0chiy0120 ea | |
| 101 | 0 | @achi |
| 102 | @aCN@b110000 | |
| 105 | @ay z 000yy | |
| 200 | 1 | @a明朝那些事儿@Aming chao na xie shi er@h大结局@f当年明月著@Fdang nian ming yue zhu |
| 210 | @a北京@c中国海关出版社@d2009.04 | |
| 215 | @a315页@d24cm | |
| 330 | @a本书对明朝十七帝和其他王公权贵和小人物的命运进行全景展示,尤其对官场政治、战争、帝王心术着墨最多,并加入对当时政治经济制度、人伦道德的演义。 | |
| 606 | 0 | @a明代@Aming dai@x历史@j通俗读物 |
| 690 | @aK248.09@v4 | |
| 701 | 0 | @a当年明月@Adang nian ming yue@4著 |
| 801 | 0 | @aCN@bQSSK@c20110509 |
| 905 | @b765005-09@dK248.09@eD174:7@f5 | |
| 明朝那些事儿.大结局/当年明月著.-北京:中国海关出版社,2009.04 |
| 315页;24cm |
| ISBN 978-7-80165-599-8:CNY29.80 |
| 本书对明朝十七帝和其他王公权贵和小人物的命运进行全景展示,尤其对官场政治、战争、帝王心术着墨最多,并加入对当时政治经济制度、人伦道德的演义。 |
| ● |
| 相关链接 |
|
|
|
正题名:明朝那些事儿
索取号:K248.09/D174:7
 
预约/预借
| 序号 | 登录号 | 条形码 | 馆藏地/架位号 | 状态 | 备注 |
| 1 | 765005 | 207650059 | 社科库309/309社科库 34排5列2层/ [索取号:K248.09/D174:7] | 在馆 | |
| 2 | 765006 | 207650068 | 社科库309/ [索取号:K248.09/D174:7] | 在馆 | |
| 3 | 765007 | 207650077 | 社科库309/309社科库 34排5列3层/ [索取号:K248.09/D174:7] | 在馆 | |
| 4 | 765008 | 207650086 | 社科库309/309社科库 34排5列2层/ [索取号:K248.09/D174:7] | 在馆 | |
| 5 | 765009 | 207650095 | 社科库309/309社科库 34排5列2层/ [索取号:K248.09/D174:7] | 在馆 | |
| 6 | 826001 | 208260013 | 社科库309/ [索取号:K248.09/D174:7] |
已借出,限还日期为2012.09.03 借出人:李艳琴 |
|
| 7 | 826019 | 208260193 | 社科库309/ [索取号:K248.09/D174:7] | 在馆 | |
| 8 | 826020 | 208260200 | 社科库309/309社科库 34排5列2层/ [索取号:K248.09/D174:7] | 在馆 | |
| 9 | 826067 | 208260674 | 社科库309/ [索取号:K248.09/D174:7] | 在馆 | |
| 10 | 826068 | 208260683 | 社科库309/309社科库 34排5列2层/ [索取号:K248.09/D174:7] | 在馆 | |
| 11 | 826069 | 208260692 | 社科库309/ [索取号:K248.09/D174:7] | 在馆 | |
| 12 | 826070 | 208260709 | 社科库309/ [索取号:K248.09/D174:7] | 在馆 |